النشرة السنوية لخريجي التعليم العالي والدرجات العلمية العليا عام 2020/

تولي الدولة اهتماما كبيرا بالتعليم وتضعه على رأس أولوياتها في خطة التنمية لإعداد خريج قادر على المنافسة في سوق العمل. لذا يهتم الجهاز المركزي للتعبئة العامة والإحصاء بإصدار نشرة سنوية لخريجي التعليم العالي والدرجات العليا، وتتضمن توزيع اعداد خريجي التعليم العالي والحاصلين على الدرجات العلمية العليا...

全面介绍

Saved in:
书目详细资料
主要作者: الجهاز المركزي للتعبئة و الإحصاء
企业作者: الجهاز المركزى للتعبئة العامة والاحصاء
格式: 序列
出版: القاهرة : الجهاز المركزى للتعبئة والاحصاء. 2021
主题:
标签: 添加标签
没有标签, 成为第一个标记此记录!

MARC

LEADER 00000nas a22000007a 4500
003 INP
005 20220109113804.0
008 180219b20uuuuuuua aua |rs||| 00| 0 are d
999 |c 17326  |d 17326 
040 |a EG-INP  |b ara  |c EG-INP 
082 0 4 |2 21  |a 378.62  |b ن ش 2020 
100 |a الجهاز المركزي للتعبئة و الإحصاء. 
245 0 2 |a  النشرة السنوية لخريجي التعليم العالي والدرجات العلمية العليا عام 2020/  |c الجهاز المركزي للتعبئة و الإحصاء. 
246 |a Annual Bulletin of Higher Education and Higher Degrees Graduates 2020 
260 |a القاهرة :   |b الجهاز المركزى للتعبئة والاحصاء.  |c 2021 
300 |a 356 ص. :   |b ايض. ؛   |c 24 سم.  
310 |a سنوي 
500 |a بني الوصف على : عام 2020 
500 |a مرجع رقم : (71 - 12312- 2020). 
500 |a إصدار نوفمبر 2021. 
520 |a تولي الدولة اهتماما كبيرا بالتعليم وتضعه على رأس أولوياتها في خطة التنمية لإعداد خريج قادر على المنافسة في سوق العمل. لذا يهتم الجهاز المركزي للتعبئة العامة والإحصاء بإصدار نشرة سنوية لخريجي التعليم العالي والدرجات العليا، وتتضمن توزيع اعداد خريجي التعليم العالي والحاصلين على الدرجات العلمية العليا وفقا لجهات التخرج وشعب التخصص والمجموعات التعليمية والنوع والمحافظة. 
650 7 |2 qrmak  |a التعليم الجامعى 
650 7 |2 qrmak  |a الكليات والجامعات 
650 7 |2 qrmak  |a التعليم العالي  |z مصر. 
650 7 |2 qrmak  |a الدرجات العلمية 
651 7 |2 الطلاب الجامعيين.  
710 2 |a الجهاز المركزى للتعبئة العامة والاحصاء. 
901 |a INP 
902 |a egpv34 
903 |a original 
942 |2 ddc  |c PUB